[Event "Match UKR vs KGZ 2021"]
[Site "Online"]
[Date "2021.02.14"]
[Round "2.12"]
[White "Petrenko, Maryna"]
[Black "Momunkulova, Imannur"]
[Result "1/2-1/2"]
[WhiteElo "1511"]
[BlackElo "1294"]
[Annotator "NA RC"]
[PlyCount "84"]
[EventDate "2021.02.14"]
[EventType "team-tourn"]
[EventCountry "NET"]
[SourceTitle "playchess.com"]
[Source "ChessBase"]
[SourceQuality "1"]
[WhiteTeam "Ukraine"]
[BlackTeam "Kyrgyzstan"]
[WhiteTeamCountry "UKR"]
[BlackTeamCountry "KGZ"]
[TimeControl "900+10"]

1. e4 {[%emt 0:00:00]} c5 {[%emt 0:00:04]} 2. Nc3 {[%emt 0:00:09]} Nc6 {[%emt 0:00:15]} 3. Nf3 {[%emt 0:00:03]} Nf6 {[%emt 0:00:26]} 4. d4 {[%emt 0:00:19]} cxd4 {[%emt 0:00:05]} 5. Nxd4 {[%emt 0:00:08]} e5 {[%emt 0:00:03]} 6. Nb3 {[%emt 0:00:05]} Bb4 {[%emt 0:00:10]} 7. Bd3 {[%emt 0:00:56]} Bxc3+ {[%emt 0:00:23]} 8. bxc3 {[%emt 0:00:05]} O-O {[%emt 0:00:06]} 9. O-O {[%emt 0:00:06]} h6 {[%emt 0:00:11]} 10. f3 {[%emt 0:00:24]} d6 {[%emt 0:00:10]} 11. Be3 {[%emt 0:00:28]} Be6 {[%emt 0:00:24]} 12. Rb1 {[%emt 0:00:38]} b6 {[%emt 0:00:07]} 13. Qd2 {[%emt 0:00:41]} Rc8 {[%emt 0:00:15]} 14. a4 {[%emt 0:01:04]} Ne7 {[%emt 0:00:17]} 15. a5 {[%emt 0:00:55]} d5 {[%emt 0:00:05]} 16. axb6 {[%emt 0:00:16]} axb6 {[%emt 0:00:11]} 17. Nc1 {[%emt 0:00:37]} Nd7 {[%emt 0:00:36]} 18. Ne2 {[%emt 0:00:44]} dxe4 {[%emt 0:00:18]} 19. fxe4 {[%emt 0:00:43]} Nc5 {[%emt 0:00:25]} 20. Rfd1 {[%emt 0:00:35]} Qc7 {[%emt 0:00:28]} 21. c4 {[%emt 0:01:05]} Bxc4 {[%emt 0:02:23]} 22. Bxc4 {[%emt 0:00:38]} Nxe4 {[%emt 0:00:06]} 23. Bxf7+ {[%emt 0:00:12]} Rxf7 {[%emt 0:00:04]} 24. Qd3 {[%emt 0:00:30]} Qxc2 {[%emt 0:00:25]} 25. Bxb6 {[%emt 0:00:20]} Qxd3 {[%emt 0:00:46]} 26. Rxd3 {[%emt 0:00:06]} Rc2 {[%emt 0:00:33]} 27. Re1 {[%emt 0:00:45]} Ng6 {[%emt 0:00:35]} 28. Ng3 {[%emt 0:01:04]} Nf6 {[%emt 0:01:10]} 29. Be3 {[%emt 0:01:53]} Ng4 {[%emt 0:00:17]} 30. h3 {[%emt 0:00:21]} Nxe3 {[%emt 0:00:09]} 31. Rdxe3 {[%emt 0:00:07]} Rff2 {[%emt 0:01:01]} 32. Ne2 {[%emt 0:01:02]} Rf6 {[%emt 0:00:24]} 33. Ng3 {[%emt 0:00:35]} Nf4 {[%emt 0:00:16]} 34. Ne2 {[%emt 0:00:23]} Rg6 {[%emt 0:00:33]} 35. g4 {[%emt 0:00:45]} Rd6 {[%emt 0:00:59]} 36. Nxf4 {[%emt 0:01:03]} exf4 {[%emt 0:00:03]} 37. Rf3 {[%emt 0:00:31]} Rdd2 {[%emt 0:00:34]} 38. Ra1 {[%emt 0:00:22]} Rg2+ {[%emt 0:00:09]} 39. Kf1 {[%emt 0:00:03]} Rh2 {[%emt 0:00:22]} 40. Kg1 {[%emt 0:00:08]} Rhd2 {[%emt 0:00:46]} 41. Ra8+ {[%emt 0:00:35]} Kh7 {[%emt 0:00:05]} 42. Ra1 {[%emt 0:00:03]} Rg2+ {[%emt 0:01:28]} 1/2-1/2

[Event "Match UKR vs KGZ 2021"]
[Site "Online"]
[Date "2021.02.14"]
[Round "2.13"]
[White "Sezdbekova, Aizhan"]
[Black "Toroptseva, Yevheniia"]
[Result "0-1"]
[WhiteElo "1442"]
[BlackElo "1655"]
[Annotator "NA RC"]
[PlyCount "78"]
[EventDate "2021.02.14"]
[EventType "team-tourn"]
[EventCountry "NET"]
[SourceTitle "playchess.com"]
[Source "ChessBase"]
[SourceQuality "1"]
[WhiteTeam "Kyrgyzstan"]
[BlackTeam "Ukraine"]
[WhiteTeamCountry "KGZ"]
[BlackTeamCountry "UKR"]
[TimeControl "900+10"]

1. e4 {[%emt 0:00:00]} c5 {[%emt 0:00:03]} 2. Nc3 {[%emt 0:00:08]} Nc6 {[%emt 0:00:03]} 3. g3 {[%emt 0:00:03]} g6 {[%emt 0:00:02]} 4. Bg2 {[%emt 0:00:04]} Bg7 {[%emt 0:00:02]} 5. d3 {[%emt 0:00:06]} d6 {[%emt 0:00:02]} 6. f4 {[%emt 0:00:04]} Rb8 {[%emt 0:00:02]} 7. Nf3 {[%emt 0:00:03]} e6 {[%emt 0:00:03]} 8. O-O {[%emt 0:00:05]} Nge7 {[%emt 0:00:04]} 9. Be3 {[%emt 0:00:07]} b5 {[%emt 0:00:02]} 10. Rb1 {[%emt 0:00:10]} b4 {[%emt 0:00:02]} 11. Ne2 {[%emt 0:00:03]} O-O {[%emt 0:00:05]} 12. d4 {[%emt 0:00:22]} c4 {[%emt 0:00:27]} 13. d5 {[%emt 0:00:17]} exd5 {[%emt 0:00:06]} 14. exd5 {[%emt 0:00:03]} Nf5 {[%emt 0:00:11]} 15. Bf2 {[%emt 0:00:20]} Na5 {[%emt 0:00:03]} 16. Bxa7 {[%emt 0:00:06]} Ra8 {[%emt 0:00:09]} 17. Bf2 {[%emt 0:00:05]} Ba6 {[%emt 0:00:38]} 18. Re1 {[%emt 0:00:13]} c3 {[%emt 0:00:10]} 19. bxc3 {[%emt 0:00:23]} bxc3 {[%emt 0:00:04]} 20. Bb6 {[%emt 0:00:23]} Bxe2 {[%emt 0:00:41]} 21. Rxe2 {[%emt 0:00:19]} Qd7 {[%emt 0:00:04]} 22. Nd4 {[%emt 0:00:53]} Nc4 {[%emt 0:00:32]} 23. Nxf5 {[%emt 0:00:39]} Qxf5 {[%emt 0:00:05]} 24. Bd4 {[%emt 0:00:52]} Nb2 {[%emt 0:01:13]} 25. Qf1 {[%emt 0:02:49]} Bxd4+ {[%emt 0:00:06]} 26. Kh1 {[%emt 0:00:03]} Nc4 {[%emt 0:01:05]} 27. Rb4 {[%emt 0:02:21]} Ne3 {[%emt 0:00:10]} 28. Qc1 {[%emt 0:01:19]} Bc5 {[%emt 0:00:16]} 29. Rb3 {[%emt 0:03:21]} Nxg2 {[%emt 0:00:23]} 30. Rxg2 {[%emt 0:00:15]} Qxd5 {[%emt 0:00:08]} 31. Rxc3 {[%emt 0:00:06]} Rxa2 {[%emt 0:00:16]} 32. Rd3 {[%emt 0:00:25]} Qc6 {[%emt 0:00:28]} 33. Rd1 {[%emt 0:00:12]} Rfa8 {[%emt 0:00:20]} 34. Qd2 {[%emt 0:00:16]} Ra1 {[%emt 0:00:13]} 35. h3 {[%emt 0:00:52]} Qf3 {[%emt 0:02:02]} 36. Rxa1 {[%emt 0:00:26]} Rxa1+ {[%emt 0:00:05]} 37. Kh2 {[%emt 0:00:03]} Qf1 {[%emt 0:00:36]} 38. g4 {[%emt 0:00:08]} Rd1 {[%emt 0:00:15]} 39. Qe2 {[%emt 0:00:19]} Qxf4+ {[%emt 0:00:07]} 0-1

[Event "Match UKR vs KGZ 2021"]
[Site "Online"]
[Date "2021.02.14"]
[Round "2.14"]
[White "Kovalyshyn, Yuliana"]
[Black "Makeeva, Bermet"]
[Result "0-1"]
[WhiteElo "1137"]
[BlackElo "1157"]
[Annotator "NA RC"]
[PlyCount "136"]
[EventDate "2021.02.14"]
[EventType "team-tourn"]
[EventCountry "NET"]
[SourceTitle "playchess.com"]
[Source "ChessBase"]
[SourceQuality "1"]
[WhiteTeam "UKR"]
[BlackTeam "KGZ"]
[BlackTeamCountry "KGZ"]
[TimeControl "900+10"]

1. e4 {[%emt 0:00:00]} e5 {[%emt 0:00:04]} 2. Nf3 {[%emt 0:00:05]} Nc6 {[%emt 0:00:05]} 3. d4 {[%emt 0:00:04]} exd4 {[%emt 0:00:04]} 4. c3 {[%emt 0:00:03]} dxc3 {[%emt 0:00:05]} 5. Nxc3 {[%emt 0:00:03]} d6 {[%emt 0:01:07]} 6. Bc4 {[%emt 0:00:07]} Nf6 {[%emt 0:00:59]} 7. Qb3 {[%emt 0:00:12]} Be6 {[%emt 0:01:42]} 8. Bxe6 {[%emt 0:00:50]} fxe6 {[%emt 0:00:14]} 9. Qxb7 {[%emt 0:00:55]} Na5 {[%emt 0:02:05]} 10. Qa6 {[%emt 0:00:11]} c5 {[%emt 0:02:14]} 11. Qb5+ {[%emt 0:00:50]} Nd7 {[%emt 0:01:01]} 12. Bg5 {[%emt 0:00:50]} Qb6 {[%emt 0:01:14]} 13. Qe2 {[%emt 0:00:37]} Rb8 {[%emt 0:01:45]} 14. Rb1 {[%emt 0:00:27]} Nc6 {[%emt 0:00:25]} 15. O-O {[%emt 0:00:41]} Be7 {[%emt 0:00:22]} 16. Bxe7 {[%emt 0:00:40]} Nxe7 {[%emt 0:00:05]} 17. e5 {[%emt 0:00:56]} d5 {[%emt 0:01:28]} 18. Qd2 {[%emt 0:02:18]} O-O {[%emt 0:00:56]} 19. Qg5 {[%emt 0:00:50]} Ng6 {[%emt 0:00:38]} 20. Rfe1 {[%emt 0:00:18]} Rf5 {[%emt 0:01:33]} 21. Qg3 {[%emt 0:01:01]} Rbf8 {[%emt 0:00:06]} 22. Nh4 {[%emt 0:00:43]} Nxh4 {[%emt 0:00:05]} 23. Qxh4 {[%emt 0:00:06]} Rxf2 {[%emt 0:00:06]} 24. Rf1 {[%emt 0:00:22]} Rxf1+ {[%emt 0:00:13]} 25. Rxf1 {[%emt 0:00:11]} c4+ {[%emt 0:00:02]} 26. Rf2 {[%emt 0:00:10]} Rxf2 {[%emt 0:00:05]} 27. Qxf2 {[%emt 0:00:04]} Qxf2+ {[%emt 0:00:02]} 28. Kxf2 {[%emt 0:00:02]} Nxe5 {[%emt 0:00:02]} 29. Ke3 {[%emt 0:00:11]} Kf7 {[%emt 0:00:04]} 30. Nb5 {[%emt 0:00:16]} a6 {[%emt 0:00:06]} 31. Nc7 {[%emt 0:00:07]} Ng4+ {[%emt 0:00:06]} 32. Ke2 {[%emt 0:00:18]} h5 {[%emt 0:00:29]} 33. Nxa6 {[%emt 0:00:06]} Ne5 {[%emt 0:00:15]} 34. a4 {[%emt 0:00:04]} Nc6 {[%emt 0:00:07]} 35. Nc5 {[%emt 0:00:42]} e5 {[%emt 0:00:17]} 36. b3 {[%emt 0:00:26]} Nd4+ {[%emt 0:00:31]} 37. Kd2 {[%emt 0:00:07]} cxb3 {[%emt 0:00:03]} 38. Kc1 {[%emt 0:00:20]} Ke7 {[%emt 0:00:12]} 39. a5 {[%emt 0:00:03]} Kd6 {[%emt 0:00:15]} 40. a6 {[%emt 0:00:04]} Nb5 {[%emt 0:00:05]} 41. Nxb3 {[%emt 0:00:07]} Kc6 {[%emt 0:00:05]} 42. Kd2 {[%emt 0:00:09]} Kb6 {[%emt 0:00:02]} 43. Ke3 {[%emt 0:00:08]} Kxa6 {[%emt 0:00:03]} 44. Nc5+ {[%emt 0:00:14]} Kb6 {[%emt 0:00:03]} 45. Nd7+ {[%emt 0:00:07]} Kc7 {[%emt 0:00:05]} 46. Nxe5 {[%emt 0:00:02]} Kd6 {[%emt 0:00:04]} 47. Nd3 {[%emt 0:00:07]} Nc7 {[%emt 0:00:15]} 48. Kf4 {[%emt 0:00:14]} Ne6+ {[%emt 0:00:22]} 49. Kf5 {[%emt 0:00:15]} g5 {[%emt 0:00:07]} 50. Kg6 {[%emt 0:00:12]} h4 {[%emt 0:00:07]} 51. Kh5 {[%emt 0:00:05]} Nf4+ {[%emt 0:00:41]} 52. Nxf4 {[%emt 0:00:17]} gxf4 {[%emt 0:00:03]} 53. Kg4 {[%emt 0:00:01]} Ke5 {[%emt 0:00:07]} 54. Kf3 {[%emt 0:00:03]} Kd4 {[%emt 0:00:04]} 55. Kxf4 {[%emt 0:00:34]} Kc3 {[%emt 0:00:10]} 56. Kf3 {[%emt 0:00:03]} d4 {[%emt 0:00:09]} 57. Ke2 {[%emt 0:00:15]} Kc2 {[%emt 0:00:03]} 58. Ke1 {[%emt 0:00:02]} d3 {[%emt 0:00:02]} 59. Kf2 {[%emt 0:00:02]} d2 {[%emt 0:00:02]} 60. g3 {[%emt 0:00:03]} hxg3+ {[%emt 0:00:04]} 61. Kxg3 {[%emt 0:00:09]} d1=Q {[%emt 0:00:04]} 62. h3 {[%emt 0:00:08]} Kd3 {[%emt 0:00:03]} 63. Kh4 {[%emt 0:00:05]} Qg1 {[%emt 0:00:05]} 64. Kh5 {[%emt 0:00:04]} Qg3 {[%emt 0:00:04]} 65. h4 {[%emt 0:00:05]} Ke4 {[%emt 0:00:05]} 66. Kh6 {[%emt 0:00:06]} Kf5 {[%emt 0:00:03]} 67. h5 {[%emt 0:00:08]} Kf6 {[%emt 0:00:05]} 68. Kh7 {[%emt 0:00:06]} Qg7# {[%emt 0:00:03]} 0-1